Maestra escuela : La investigación y el maestro como intelectual de la pedagogía
Publicación que recoge reflexiones sobre nuestra condición como trabajadores de la cultura en los contextos educativos. Sea esta la ocasión para el encuentro al diálogo entre lo que nos constituye como maestros intelectuales de la pedagogía: la investigación.
Saved in:
| 企業作者: | |
|---|---|
| 格式: | 圖書 |
| 語言: | Spanish Portuguese |
| 出版: |
Bogotá :
Panamericana ,
2018.
|
| 主題: | |
| 在線閱讀: | Enlace del recurso |
| 標簽: |
添加標簽
沒有標簽, 成為第一個標記此記錄!
|
MARC
| LEADER | 00000nam a22000007a 4500 | ||
|---|---|---|---|
| 003 | OSt | ||
| 005 | 20190813131221.0 | ||
| 008 | 190524s2018 ck a gr |o 1| spa d | ||
| 999 | |c 5922 |d 5922 | ||
| 020 | |a 9789584841094 | ||
| 040 | |c cobobit | ||
| 041 | |a spa |h por | ||
| 082 | |a 370.7 |b C183 | ||
| 245 | 1 | 0 | |a Maestra escuela : |b La investigación y el maestro como intelectual de la pedagogía |c Ana Brizet Ramirez Cabanzo ... [et al ] |
| 260 | |a Bogotá : |b Panamericana , |c 2018. | ||
| 300 | |a 123 p. : |b il. ; |c 21 cm. | ||
| 500 | |a La presente publicación de producción académica se genera en el marco de la primera convocatoria Fondo Concursabe para el Apoyo y Fomento a Redes de Maestros del Distrito según lo establecido en el Convenio Interadministrativo 1452 de 2017, suscrito entre la Secretaria de Educación del Distrito, a través de la Subsecretaría de Calidad y Pertinencia -Dirección de Formacion de Docentes e Innovaciones Pedagógicas, y el Instituto para la Investigación Educativa y el Desarrollo Pedagógico-IDEP | ||
| 504 | |a Incluye referencias bibliográficas. | ||
| 505 | 2 | |a Eje 1: El maestro como intelectual de la pedagogía -- Ele 2: Investigación y contextos educativos. | |
| 520 | 3 | |a Publicación que recoge reflexiones sobre nuestra condición como trabajadores de la cultura en los contextos educativos. Sea esta la ocasión para el encuentro al diálogo entre lo que nos constituye como maestros intelectuales de la pedagogía: la investigación. | |
| 650 | 1 | 4 | |a Educación popular |9 2217 |
| 650 | 1 | 0 | |a Investigación pedagógica |2 Unesco |x Informes |9 5992 |
| 650 | 2 | 7 | |a Educación |2 Unesco |x Investigaciones |9 1297 |
| 710 | 1 | |9 6249 |a Red Chisua | |
| 942 | |2 ddc |c BK | ||
| 856 | |u https://catalogo.idep.edu.co/cgi-bin/koha/opac-detail.pl?biblionumber=5922 |z Enlace del recurso | ||